Sociologie de l'action publique (notice n° 1566562)
[ vue normale ]
| 000 -LEADER | |
|---|---|
| fixed length control field | 01343cam a2200145 4500500 |
| 005 - DATE AND TIME OF LATEST TRANSACTION | |
| control field | 20251214001916.0 |
| 041 ## - LANGUAGE CODE | |
| Language code of text/sound track or separate title | fre |
| 042 ## - AUTHENTICATION CODE | |
| Authentication code | dc |
| 100 10 - MAIN ENTRY--PERSONAL NAME | |
| Personal name | Lascoumes, Pierre |
| Relator term | author |
| 245 00 - TITLE STATEMENT | |
| Title | Sociologie de l'action publique |
| 260 ## - PUBLICATION, DISTRIBUTION, ETC. | |
| Name of publisher, distributor, etc. | Armand Colin,<br/> |
| Date of publication, distribution, etc. | 2018.<br/> |
| 520 ## - SUMMARY, ETC. | |
| Summary, etc. | Ces dernières années, les domaines d’intervention de l’État ont proliféré. De multiples acteurs économiques et sociaux, territoriaux et transnationaux, ont été également mobilisés et interfèrent avec l’État. Ce manuel permet de comprendre ces dynamiques et leurs transformations. Il reprend les principaux concepts et modèles d’analyse et présente une synthèse à partir de deux questions fondamentales :- Qu’est-ce qu’une politique publique ?Un commandement émanant d’une autorité centrale afin de résoudre un problème au nom du bien commun ; ou bien un vaste espace de négociation entre une multitude d’acteurs privés et publics ?- Comment changent les politiques publiques ?Par des mobilisations sociales appelant à une régulation publique ; ou bien en fonction des contextes institutionnels qui formatent ces demandes, selon leurs logiques internes ? |
| 700 10 - ADDED ENTRY--PERSONAL NAME | |
| Personal name | Le Galès, Patrick |
| Relator term | author |
| 856 41 - ELECTRONIC LOCATION AND ACCESS | |
| Uniform Resource Identifier | <a href="https://shs.cairn.info/sociologie-de-l-action-publique--9782200621674?lang=fr&redirect-ssocas=7080">https://shs.cairn.info/sociologie-de-l-action-publique--9782200621674?lang=fr&redirect-ssocas=7080</a> |
Pas d'exemplaire disponible.




Réseaux sociaux